Entry Nombre personal
001 - NÚMERO DE CONTROL
- campo de control: 1153
003 - IDENTIFICADOR DE NÚMERO DE CONTROL
- campo de control: DLC
005 - FECHA Y HORA DE LA ÚLTIMA TRANSACCIÓN
- campo de control: 20260430140515.0
008 - ELEMENTOS DE DATO DE LONGITUD-FIJA
- campo de control de longitud fija: 810508n| azannaabn b aaa
010 ## - NÚMERO DE CONTROL DE LA BIBLIOTECA DEL CONGRESO
- Número de control de LC: n 81023065
016 ## - NÚMERO DE CONTROL DE UNA AGENCIA BIBLIOGRÁFICA NACIONAL
- Número de control del registro: 0057D5220E
035 ## - NÚMERO DE CONTROL DEL SISTEMA
- Número de control de sistema: (OCoLC)oca00568859
040 ## - FUENTE DE CATALOGACIÓN
- Centro catalogador/agencia de origen: DLC
- Lengua de catalogación: eng
- Normas de descripción: rda
- Centro/agencia transcriptor: DLC
- Centro/agencia modificador: DLC
- Centro/agencia modificador: MdU
- Centro/agencia modificador: DLC
- Centro/agencia modificador: OCoLC
- Centro/agencia modificador: DLC
- Centro/agencia modificador: CaOONL
- Centro/agencia modificador: ICrlF
042 ## - CÓDIGO DE AUTENTICACIÓN
- Código de autenticación: nlc
046 ## - FECHAS CON CODIFICACIÓN ESPECIAL
- Fecha de nacimiento: 1871-11-01
- Fecha de la muerte: 1900-06-05
- Fuente del esquema de fecha: edtf
053 #0 - NÚMERO DE CLASIFICACIÓN LC
- Número de clasificación–único número o número inicial del rango: PS1449.C85
100 1# - ENCABEZAMIENTO-NOMBRE DE PERSONA
- Nombre de persona: Crane, Stephen,
- Fechas asociadas al nombre: 1871-1900
370 ## - LUGAR ASOCIADO
- Lugar de nacimiento: Newark (N.J.)
- País asociado: United States
- Fuente del término: naf
377 ## - IDIOMA ASOCIADO
- Código del idioma: eng
400 1# - TRAZADO DE VÉASE--NOMBRE DE PERSONA
- Nombre de persona: Smith, Johnston,
- Fechas asociadas al nombre: 1871-1900
400 1# - TRAZADO DE VÉASE--NOMBRE DE PERSONA
- Nombre de persona: קריין, סטיבן,
- Fechas asociadas al nombre: 1871־1900
400 1# - TRAZADO DE VÉASE--NOMBRE DE PERSONA
- Nombre de persona: Karīn, Sitīfin,
- Fechas asociadas al nombre: 1871-1900
400 1# - TRAZADO DE VÉASE--NOMBRE DE PERSONA
- Nombre de persona: Krayn, Sitīfin,
- Fechas asociadas al nombre: 1871-1900
400 1# - TRAZADO DE VÉASE--NOMBRE DE PERSONA
- Nombre de persona: کرين، ستيفن
670 ## - FUENTE DE DATOS ENCONTRADOS
- Cita de la fuente: His The monster and other stories, 1901:
- Información encontrada: t.p. (Stephen Crane)
670 ## - FUENTE DE DATOS ENCONTRADOS
- Cita de la fuente: Stallman, R.W. Steven Crane : a critical bib., 1972:
- Información encontrada: p. 3-4 (Johnston Smith; pseud. used in 1st ed. of Maggie, 1893)
670 ## - FUENTE DE DATOS ENCONTRADOS
- Cita de la fuente: Nishān-i surkh-i dalīrī, [195-?]:
- Información encontrada: t.p. (ستيفن کرين = Sitīfin Krayn)
670 ## - FUENTE DE DATOS ENCONTRADOS
- Cita de la fuente: LAC internal file, June 29, 2021
- Información encontrada: (access point: Crane, Stephen, 1871-1900; born November 1, 1871, in Newark, New Jersey; died June 5, 1900; American author)
670 ## - FUENTE DE DATOS ENCONTRADOS
- Cita de la fuente: Crane, Stephen. The red badge of courage [SR]:
- Información encontrada: cover frame (by Stephen Crane)